000
00308nam a2200109 a 4500
005
20210907142958.0
008
130828s2010 000 spa d
100
1
_a
Kury, Farid,
_d
1962-
_9
33990
245
0
_a
Minerva Mirabal la mariposa.
260
_a
Santo domingo-- Centenario,
_c
2010-- 98 p.
999
_c
39999
_d
39999
040
_a
DO-SdBNP